| 000 | 01011nam a22002537a 4500 | ||
|---|---|---|---|
| 999 |
_c63622 _d63622 |
||
| 005 | 20240530110650.0 | ||
| 008 | 171111s2016 jo a g b 000 0 ara d | ||
| 017 |
_a2015/12/5754 _bالمملكة الاردنية الهاشمية . دائرة المكتبة الوطنية |
||
| 020 | _a9789957177119 | ||
| 040 |
_aEG-CaGPL _cEG-CaGPL |
||
| 082 | 0 | 4 |
_221 _a302.23\ _bم ن |
| 100 | 0 | _aمحمود قلندر . | |
| 245 | 1 | 0 |
_aنظريات الاتصال من عصر الجماعة الى عصر الجماهير / _cتاليف محمود قلندر . |
| 250 | _aط.1 | ||
| 260 |
_aعمان : _bمكتبة الفلاح للنشر و التوزيع ، _c2016 . |
||
| 300 |
_a286 ص. ؛ _c24 سم. |
||
| 650 | 0 | 7 |
_2qrmak _aالاتصال |
| 650 | 0 | 7 |
_2qrmak _aالعلوم الاجتماعية _xطرق بحث |
| 650 | 0 | 7 |
_2qrmak _aالاتصال الجماهيرى |
| 650 | 0 | 7 |
_2qrmak _aوسائل الاعلام |
| 651 | _2qrmak | ||
| 942 |
_2ddc _cBK |
||